La literatura religiosa en Centroamérica. Rango metafísico-institucional /

Guardat en:
Dades bibliogràfiques
Autor principal: Vargas Durán, Ricardo Ignacio
Format: Desconegut
Idioma:Spanish
Publicat: San José, Costa Rica: SIEDIN, 2008
Col·lecció:Hacia una historia de las literaturas centroamericanas
Avances de investigación ; 2
Matèries:
Etiquetes: Afegir etiqueta
Sense etiquetes, Sigues el primer a etiquetar aquest registre!

MARC

LEADER 000000000a22000000004500
001 000445
008 140618s2008 cr |||f i||| 00| 0 spa d
020 |a 9789977151663 
082 |a A860.9  |b V297L 
100 1 |a Vargas Durán, Ricardo Ignacio 
245 1 3 |a La literatura religiosa en Centroamérica. Rango metafísico-institucional /  |c Ricardo Ignacion Vargas Durán 
246 1 |a Hacia una historia de las literaturas centroamericanas 
260 |a San José, Costa Rica:   |b SIEDIN,   |c 2008 
300 |a 223 páginas 
490 0 |a Hacia una historia de las literaturas centroamericanas 
490 0 |a Avances de investigación ;   |v 2 
500 |a Número de inscripción 13166 
650 4 |a LITERATURA RELIGIOSA 
650 4 |a AMERICA CENTRAL  |x ASPECTOS SOCIALES  |x INDICES 
942 |2 ddc  |c BK 
999 |c 1239  |d 1239